LEADER 01428cam a2200313 a 4500 001 000000129267 003 CaOOAMICUS 005 20120612161743.0 008 120612s2011 vc da b 000 0 eng r 020 $a978-88-209-8726-8 040 $aPUL$bita 082 04$a110 245 00$aGod and world :$btheology of creation from scientific and ecumenical standpoints /$cEdited by Tomasz Trafny & Armand Puig i Tàrrech. 260 $aCittà del Vaticano :$bLibreria editrice vaticana,$c©2011. 300 $a147 p. ;$c24 cm. 490 1 $aSTOQ project research series ;$v11 504 $aBibliografia p. 145-147. 650 4$aOntologia.$0(OLS)http://pul/subject/4424 700 1 $aTrafny, Tomasz.$0(OLS)http://pul/name/82513 700 1 $aPuig i Tàrrech, Armand,$d1953-$0(OLS)http://pul/name/19247 830 0$aSTOQ project research series ;$v11.$0(OLS)http://pul/title/143449 850 $aPUL 852 $aPUL$W1$xSL Filosofia 3$y81$m110 TRATO 1$j149690$qDDC 21$B148212$CPULBib$Z2$F148212 $H120011 $82 941 1 $a9 996 $6020$a978-88-209-8726-8$9(OLS)http://pul/number/149985 996 $6082$a110$9(OLS)http://pul/classification/454 996 $6245$aGod and world :$btheology of creation from scientific and ecumenical standpoints$9(OLS)http://pul/title/163359 996 $6260$aCittà del Vaticano :$bLibreria editrice vaticana$9(OLS)http://pul/publisher/47920 LEADER 01754nam a2200349 a 4500 001 000000136876 003 CaOOAMICUS 005 20131218122936.0 008 131218m20139999it u000 u ita r 040 $aPUL$bita 110 1 $aItalia.$0(OLS)http://pul/name/1188 240 10$aCodice di procedura civile (2013).$0(OLS)http://pul/title/171076 245 10$aCodice di procedura civile /$cdiretto da Claudio Consolo ; caporedattori Marco De Cristofaro ... [et al.]. 250 $a5. ed. 260 $aMilano :$bIpsoa,$c©2013- 300 $av. ;$c22 cm+$eCd-Rom 490 1 $aCommentari IPSOA 500 $aSul front.: Cd-Rom. 504 $aBibliografia in nota. 505 0 $aV. 1: Artt. 1-286. -- v. 2. Artt. 287-632. -- v. 3. Artt. 633-840. Disposizioni per l'attuazione. Appendice. 650 4$aDiritto civile$zItalia.$0(OLS)http://pul/subject/3770 700 1 $aConsolo, Claudio.$0(OLS)http://pul/name/52935 700 1 $aDe Cristofaro, Marco.$0(OLS)http://pul/name/88156 830 0$aCommentari IPSOA.$0(OLS)http://pul/title/133094 850 $aPUL 852 $aPUL$W1$xDP2 Diritto e Scienze Sociali 3$y110$m348. 45 COD 2.22.1$j157758$bv.1$qDDC 21$B157183$CPULBib$Z2$F157183 $H123343 $82 852 $aPUL$W1$xDP2 Diritto e Scienze Sociali 3$y110$m348. 45 COD 2.22.2$j157759$bv.2$qDDC 21$B157184$CPULBib$Z2$F157184 $H123344 $82 852 $aPUL$W1$xDP2 Diritto e Scienze Sociali 3$y110$m348. 45 COD 2.22.3$j157760$bv.3$qDDC 21$B157185$CPULBib$Z2$F157185 $H123345 $82 941 1 $a9 996 $6245$aCodice di procedura civile$9(OLS)http://pul/title/104090 996 $6260$aMilano :$bIpsoa$9(OLS)http://pul/publisher/67046